000 00328nam a2200133Ia 4500
008 240624s9999 xx 000 0 und d
041 _aeng
082 _a658.472 DTE
100 _aDT EDITORIAL SERVICES
245 _aBIG DATA BLACK BOOK
260 _c2015
_aNew Delhi
_bWiley
300 _a908 : p. : cm. ; 28
365 _cRS
_b33
999 _c26327
_d26327